Psychometric properties of the leadership practices inventory-updated (Record no. 75420)

MARC details
000 -CABECERA
campo de control de longitud fija 00684nam a2200229 a 4500
005 - FECHA Y HORA DE LA ÚLTIMA TRANSACCIÓN
campo de control 20210223124016.0
008 - ELEMENTOS DE LONGITUD FIJA--INFORMACIÓN GENERAL
campo de control de longitud fija 991125n 000 0 u
035 ## - NÚMERO DE CONTROL DEL SISTEMA
Número de control de sistema UPN01000095253
100 1# - ASIENTO PRINCIPAL--NOMBRE PERSONAL
Nombre de persona Posner, Barry Z.
9 (RLIN) 29872
222 ## - TÍTULO CLAVE
Título clave EDUCATIONAL AND PSYCHOLOGICAL MEASUREMENT
245 ## - MENCIÓN DE TÍTULO
Título Psychometric properties of the leadership practices inventory-updated
300 ## - DESCRIPCIÓN FÍSICA
Extensión 191-199
362 0# - FECHAS DE PUBLICACIÓN Y/O DESIGNACIÓN SECUENCIAL
Fecha de publicación y/o designación secuencial 53, No. 1, 1993
505 0# - NOTA DE CONTENIDO CON FORMATO PREESTABLECIDO
Nota de contenido con formato Septiembre 1993
653 0# - TERMINO DE INDIZACION - NO CONTROLADO
Término no controlado ADMINISTRADORES
653 0# - TERMINO DE INDIZACION - NO CONTROLADO
Término no controlado DIFERENCIAS CULTURALES
653 0# - TERMINO DE INDIZACION - NO CONTROLADO
Término no controlado DIFERENCIAS SEXUALES
653 0# - TERMINO DE INDIZACION - NO CONTROLADO
Término no controlado MODELOS DE CONDUCTA
700 1# - ASIENTO SECUNDARIO--NOMBRE DE PERSONAL
Nombre de persona Kouzes, James M.,
Fechas asociadas al nombre 1945-
9 (RLIN) 28843
904 ## - ELEMENTOS DE DATOS D LOCAL, LDD (RLIN)
a AC
b 033064
905 ## - TIPO DE MATERIAL
Tipo de material Articulo

No items available.